000 00800nam a22002177a 4500
090 _c10190
008 080921t xxu||||| |||| 00| 0 eng d
020 _a9781420044492
082 _222
_a677
_bNAN
245 _aNanofibers and nanotechnology in textiles /
_cedited by P.J. Brown and K. Stevens
260 _aCambridge :
_b Woodhead Publishing, in association with The Textile Institute, 2007.
_c2007
300 _axvi, 528 p. :
_b ill. ;
_c 25 cm.
500 _aIncludes bibliographical references and index.
650 _9517
_aNanostructured materials
650 _9519
_aNanotechnology
650 _9521
_aTextile industry
650 _9520
_aTextile fabrics
700 _9515
_aBrown, P. J.
_d1963-
_q(Philip John),
700 _9516
_aStevens, K.
_d1963-
_q(Philip John),
942 _2ddc
_cBB
999 _c10190
_d10190